Science and contemporary society (Record no. 81323)

MARC details
000 -LEADER
fixed length control field 00519nam a2200205Ia 4500
003 - CONTROL NUMBER IDENTIFIER
control field OSt
005 - DATE AND TIME OF LATEST TRANSACTION
control field 20250729110642.0
008 - FIXED-LENGTH DATA ELEMENTS--GENERAL INFORMATION
fixed length control field 210210b1969 xxu||||| |||| 00| 0 eng d
040 ## - CATALOGING SOURCE
Transcribing agency AL
041 ## - LANGUAGE CODE
Language code of text/sound track or separate title English
082 ## - DEWEY DECIMAL CLASSIFICATION NUMBER
Classification number 501 CROS
100 ## - MAIN ENTRY--PERSONAL NAME
Personal name Frederick J Crosson
9 (RLIN) 152917
245 ## - TITLE STATEMENT
Title Science and contemporary society
260 ## - PUBLICATION, DISTRIBUTION, ETC.
Place of publication, distribution, etc. Ernakulam
Name of publisher, distributor, etc. Paico Publishing House
Date of publication, distribution, etc. 1969
300 ## - PHYSICAL DESCRIPTION
Extent xxv,251p
650 ## - SUBJECT ADDED ENTRY--TOPICAL TERM
Topical term or geographic name entry element Science society
9 (RLIN) 152918
690 ## - LOCAL SUBJECT ADDED ENTRY--TOPICAL TERM (OCLC, RLIN)
Topical term or geographic name as entry element Pure Sciences
9 (RLIN) 152919
906 ## - LOCAL DATA ELEMENT F, LDF (RLIN)
a 030132
942 ## - ADDED ENTRY ELEMENTS (KOHA)
Source of classification or shelving scheme Dewey Decimal Classification
Koha item type Book
Holdings
Withdrawn status Lost status Source of classification or shelving scheme Damaged status Not for loan Collection code Home library Current library Shelving location Date acquired Cost, normal purchase price Total Checkouts Full call number Barcode Date last seen Price effective from Koha item type Source of acquisition
    Dewey Decimal Classification     Others St Aloysius Library St Aloysius Library Secondary stack section 02/17/2021 5.00   501 CROS 030132 02/17/2021 02/17/2021 Book  
    Dewey Decimal Classification     Others St Aloysius Library St Aloysius Library Secondary stack section 02/17/2021 5.00   501 CROS 032777 02/17/2021 02/17/2021 Book Athree Book Centre, Mangalore-01.